Caricamento...
Environmental chemistry/
| Autore principale: | |
|---|---|
| Natura: | Printed Book |
| Lingua: | English |
| Pubblicazione: |
New Delhi:
Wiley Eastern,
1989
|
| LEADER | 00514nam a22001577a 4500 | ||
|---|---|---|---|
| 003 | OSt | ||
| 005 | 20200624134527.0 | ||
| 008 | 151030b xxu||||| |||| 00| 0 eng d | ||
| 082 | |a 628 ANI/E | ||
| 100 | |a Anil Kumar De | ||
| 245 | |a Environmental chemistry/ |c Anil Kumar De | ||
| 260 | |a New Delhi: |b Wiley Eastern, |c 1989 | ||
| 300 | |a 364p. | ||
| 942 | |2 ddc |c BK | ||
| 999 | |c 323325 |d 323325 | ||
| 952 | |0 0 |1 0 |2 ddc |4 0 |6 628_000000000000000_ANI_E |7 0 |9 369784 |a CSC |b CSC |c ST1 |d 2015-10-30 |i 5880 |l 0 |o 628 ANI/E |p CSC5880 |r 2015-10-30 |w 2015-10-30 |y BK | ||